Economía internacional e integración económica

Guardat en:
Dades bibliogràfiques
Autor principal: Tugores Ques, Juan (Autor)
Format: Llibre
Idioma:espanyol
Publicat: Madrid McGraw Hill 1995
Edició:2a. ed
Matèries:
Etiquetes: Afegir etiqueta
Sense etiquetes, Sigues el primer a etiquetar aquest registre!

MARC

LEADER 00000nam a2200000 a 4500
001 UCQ6700
003 CL-VaPUC
005 20240619112936.0
008 981023e19950000SP |||||||||||||||||spa|d
999 |c 276639  |d 276637 
040 |c Pontificia Universidad Católica de Valparaíso 
082 0 4 |a 337  |b TUG  |2 21 
100 0 |a Tugores Ques, Juan  |e author  |9 420578 
245 1 0 |a Economía internacional e integración económica 
250 |a 2a. ed 
260 |a Madrid  |b McGraw Hill  |c 1995 
300 |a 246 p 
583 |a last modification  |c 19981023 00:00:00  |k Rodrigo Vera 
650 0 |a Economía internacional  |9 889614  |x Desarrollo económico 
650 0 |a Comercio exterior  |9 257617 
650 0 |a Uniones monetarias  |2 CL-VaPUC  |9 889615 
650 0 |a Política comercial  |9 259070 
942 |c BK  |2 ddc 
945 |d 19981023 00:00:00  |a aarredon 
952 |0 0  |1 0  |2 ddc  |4 0  |6 337_000000000000000_TUG_1995  |7 0  |8 R  |9 313974  |a BIBENE  |b BIBENE  |d 2019-11-20  |i 3474208  |o 337 TUG 1995  |p 3474208  |r 2025-01-15  |w 2019-11-20  |y BK  |k ICO 
952 |0 0  |1 0  |4 0  |6 337_000000000000000_TUG_1995  |7 0  |8 P  |9 313975  |a BIBEDU  |b BIBEDU  |c BIBEDU_PB  |d 2019-11-20  |i 3474216  |o 337 TUG 1995  |p 3474216  |r 2024-01-25  |w 2019-11-20  |y BK  |k EPE